<?xml version="1.0" encoding="UTF-8"?>
<marc:record xmlns:marc="http://www.loc.gov/MARC21/slim">
   <marc:leader>00000nam a2200000 a 4500</marc:leader>
   <marc:datafield ind1="1" ind2=" " tag="100">
      <marc:subfield code="a">Bücken-Schaal, Monika</marc:subfield>
      <marc:subfield code="4">aut</marc:subfield>
      <marc:subfield code="e">Verfasser/-in</marc:subfield>
   </marc:datafield>
   <marc:datafield ind1=" " ind2=" " tag="653">
      <marc:subfield code="a">gefühle bilder</marc:subfield>
   </marc:datafield>
   <marc:datafield ind1=" " ind2=" " tag="653">
      <marc:subfield code="a">gefühle beschreiben</marc:subfield>
   </marc:datafield>
   <marc:datafield ind1=" " ind2=" " tag="653">
      <marc:subfield code="a">bildkarten gefühle</marc:subfield>
   </marc:datafield>
   <marc:datafield ind1=" " ind2=" " tag="653">
      <marc:subfield code="a">empathie lernen</marc:subfield>
   </marc:datafield>
   <marc:datafield ind1=" " ind2=" " tag="653">
      <marc:subfield code="a">emotionen bilder</marc:subfield>
   </marc:datafield>
   <marc:datafield ind1=" " ind2=" " tag="653">
      <marc:subfield code="a">sozial emotionale entwicklung fördern</marc:subfield>
   </marc:datafield>
   <marc:datafield ind1=" " ind2=" " tag="653">
      <marc:subfield code="a">emotionale kompetenz</marc:subfield>
   </marc:datafield>
   <marc:datafield ind1=" " ind2=" " tag="653">
      <marc:subfield code="a">impulsfragen</marc:subfield>
   </marc:datafield>
   <marc:datafield ind1=" " ind2=" " tag="653">
      <marc:subfield code="a">gefühle kindergarten</marc:subfield>
   </marc:datafield>
   <marc:datafield ind1=" " ind2=" " tag="653">
      <marc:subfield code="a">gefühle grundschule</marc:subfield>
   </marc:datafield>
   <marc:datafield ind1=" " ind2=" " tag="653">
      <marc:subfield code="a">PBS / Ratgeber/Gesundheit/Entspannung</marc:subfield>
   </marc:datafield>
   <marc:datafield ind1=" " ind2=" " tag="653">
      <marc:subfield code="a">Yoga</marc:subfield>
   </marc:datafield>
   <marc:datafield ind1=" " ind2=" " tag="653">
      <marc:subfield code="a">Meditation</marc:subfield>
   </marc:datafield>
   <marc:datafield ind1=" " ind2=" " tag="653">
      <marc:subfield code="a">Autogenes Training</marc:subfield>
   </marc:datafield>
   <marc:datafield ind1="0" ind2="0" tag="245">
      <marc:subfield code="a">30 Gefühlekarten für Kinder</marc:subfield>
   </marc:datafield>
   <marc:datafield ind1="0" ind2="0" tag="245">
      <marc:subfield code="b">sozial-emotionale Entwicklung fördern</marc:subfield>
   </marc:datafield>
   <marc:datafield ind1="0" ind2="0" tag="245">
      <marc:subfield code="c">Monika Bücken-Schaal</marc:subfield>
   </marc:datafield>
   <marc:datafield ind1=" " ind2="1" tag="264">
      <marc:subfield code="a">München</marc:subfield>
      <marc:subfield code="b">Don Bosco</marc:subfield>
   </marc:datafield>
   <marc:datafield ind1="1" ind2=" " tag="520">
      <marc:subfield code="a">Angaben aus der Verlagsmeldung

30 Gefühlekarten für Kinder : Sozial-emotionale Entwicklung fördern. Emotionen beschreiben und ausdrücken. Lösungen finden, Empathie lernen. Mit Impulsfragen. Ideal für Kita, Grundschule &amp; in Therapie / von Monika Bücken-Schaal

Von Glück bis Wut: Mit diesen Bildkarten können Kinder Gefühle erkunden

Was spürt das Kind, wenn es auf einen Baum klettert? Wie fühlt sich Neugierde an? Was ist Glück? Die Gefühlekarten von Monika Bücken-Schaal zeigen Situationen aus dem Kinderalltag, die eng mit Gefühlen verknüpft sind. Das hilft Kindern, ihre Gefühle zu benennen, zu verarbeiten und darüber zu reden!

Emotionen beschreiben und ausdrücken: Sozial-emotionale Entwicklung bei Kindern fördern

30 Karten in kindgerechter Größe: farbenfrohe Darstellung der Emotionen mit einer ausdrucksstarken Illustration von Gabriele Pohl auf der Kartenvorderseite

Über Gefühle sprechen: Impulsfragen und Gesprächsanregungen auf der Kartenrückseite

Inkl. Infokarte mit Hinweisen zur emotionalen Entwicklung und Methodik des Sets

Vielseitig und spontan einsetzbar: ideal für ein pädagogisches Angebot in Kita, Grundschule oder als therapeutisches Material

Emotionen benennen und innere Balance finden

Der Alltag der Kinder ist reich an Emotionen. Doch vor allem intensive Gefühle verunsichern. Mit den Don Bosco Emotionskarten können Erzieher, Pädagogen und Therapeuten Kindern helfen, ihren Empfindungen einen Namen zu geben, Empathie zu lernen und Resilienz zu fördern. Über die dargestellten Situationen kommen sie ins Gespräch und lernen Lösungen kennen für den Umgang auch mit schwierigen Gefühlen. Das stärkt die emotionale Kompetenz der Kinder – Freude teilen, streiten lernen und trösten fällt dann viel leichter!

</marc:subfield>
   </marc:datafield>
   <marc:datafield ind1=" " ind2=" " tag="041">
      <marc:subfield code="a">ger</marc:subfield>
   </marc:datafield>
   <marc:datafield ind1=" " ind2=" " tag="300">
      <marc:subfield code="a">32 Blätter, das heißt 64 Seiten</marc:subfield>
   </marc:datafield>
</marc:record>
